000 00536nam a2200169 4500
999 _c4104
_d4104
008 160824b xxu||||| |||| 00| 0 eng d
022 _a2094-8042
082 _aDPer 370.105 M72 Jan-Dec 2012 v. 60-61
100 _913636
_aBeltran, Myra C.
243 _aThe modern teacher
245 _aCelebrating dance:
_ban informance/
_cMyra C. Beltran.
260 _aPhilippines:
_bIn the Grade School, Inc.,
_c©2012.
300 _av60 n9, page 375;
_c28 cm.
500 _aThe Modern Teacher
650 0 _913637
_aDance
942 _2ddc
_cPER